000 00651nam a2200229Ia 4500
003 OSt
005 20220923221647.0
006 a|||||r|||| 00| 0
007 ta
008 220922b |||||||| |||| 00| 0 hin d
024 _a199,133
037 _cTextual
040 _aARTS
_cARTS
_bhin
041 _2hin
_ahin
082 _aP155z, 152H1
100 _aव्लोच, यूल, संपा.
245 0 _aमराठी भाषा विकास
246 _aMarāṭhī bhāṣhā vikāsa
260 _c1985
942 _hP155z, 152H1
_cTEXL
_2CC
999 _c350912
_d350912